Word Ladder #1 - Statistics

General Stats
  • This quiz has been taken 187 times
  • The average score is 14 of 20
Answer Stats
Hint Word % Correct
Day's beginning DAWN
93%
Chess piece PAWN
93%
Young deer FAWN
89%
Shared by cats and dogs PAWS
88%
One of the four elements FIRE
78%
Things found in a kitchen PANS
77%
Female horse MARE
73%
Uninteresting person BORE
70%
Aching muscles SORE
70%
Fee or cost FARE
69%
Labored breathing PANT
68%
Kick a ball PUNT
66%
Short for supermarket, American MART
65%
Piece of something PART
65%
Timeless dog toy BONE
64%
Type of word play PUNS
63%
For a vampire to create another SIRE
59%
Shape CONE
50%
Deal with something COPE
32%
Recreate COPY
26%
No matching quizzes found
Score Distribution
Percent of People with Each Score
Percentile by Number Answered
Your Score History
You have not taken this quiz